000 00743nam a2200229 i 4500
001 188316
003 SpMaBN
005 20231114062542.0
008 180807r19881980sp |||| | spa d
020 _a84-322-0377-7
080 _a860-31"19"
100 1 _aMartín Santos, Luis.
_977651
245 1 0 _aTiempo de silencio /
_cLuis Martín-Santos.
250 _aEd. definitiva
_b29ª ed.
260 _aBarcelona :
_bSeix Barral,
_c1988.
300 _a295 p. ;
_c20 cm.
490 1 _aBiblioteca breve
595 _aReimp. de la 16ª ed., definitiva, 1980.
830 0 _aBiblioteca breve (Seix Barral)
_9227188
852 _aES-MaACL
_jL-32219
_z. - Donat. herederos de la bibl. de Mª del Pilar Costa Palacín
999 _c188316
_d188316